000 00653nam a2200253Ia 4500
003 OSt
005 20220925204807.0
006 a|||||r|||| 00| 0
007 ta
008 220923b |||||||| |||| 00| 0 eng d
020 _a8182900484
037 _cGeneral Book
040 _aRTL
_cRTL
_beng
041 _2eng
_aeng
082 _aY73(Q4), P6.1
100 _aSingh Lipika
_9268950
245 0 _aWorld of Buddhism. 1V
260 _aGurgaon
_bShubhi Pub.
_c2006
300 _a166p
_ccm.
490 _vV1
500 _aGlossary: P 263-264
942 _hY73(Q4), P6.1
_cGB
_2CC
999 _c550416
_d550416